000
00338nam a2200169Ia 4500
100
_a
Suvasish/M
650
_a
General
942
_c
BK
366
_f
20
654
_a
study
245
_a
How to study and succeed
260
_b
Viva
_a
Mumbai
_c
2006
082
_a
658.409/SUV
_b
SUV
300
_a
125
546
_a
ENGLISH
999
_c
30441
_d
30441